000 00272nam a22001097a 4500
008 170123b xxu||||| |||| 00| 0 eng d
020 _a9781884585777
041 _aeng
080 _24th
_a618.2
245 _aA CROSS SECTION OF NURSING RESEARCH
_cPETEVA, R.J
942 _2udc
_cBK
999 _c3408
_d3408